Botulismo : el microorganismo, sus toxinas, la enfermedad /

Guardado en:
Autor Principal: Smith, Louis Ds.
Formato: Libro
Publicado: Zaragoza : Acribia, s/f
Materias:
Etiquetas: Agregar Etiqueta
Sin Etiquetas, Sea el primero en etiquetar este registro!
LEADER 00873nam a22001815a 4500
001 CEM.cems017535
005 20110509110900.0
008 130507b######################000#0#####d
003 CEMS
020 |a 8420004510 
082 0 4 |a 589.95 
100 1 |a Smith, Louis Ds. 
245 1 0 |a Botulismo :  |b el microorganismo, sus toxinas, la enfermedad /  |c Louis Ds. Smith 
260 |a Zaragoza :  |b Acribia, s/f 
300 |a 215 p. 
505 0 |a Introducción histórica -- El microorganismo -- Las esporas -- Bacteriófagos , bacteriocinas, bacteriolisinas -- Detección y aislamiento -- Presencia de Clostridium botulinum -- Acción de las toxinas -- Toxoides botulínicos -- Botulismo humano- presentación -- Botulismo en el hombre-la enfermedad -- Botulismo en los mamíferos -- Botulismo en las aves 
653 |a Botulismo 
859 |a CEMS  |b BIB. CEMS - Agricultura  |h 589.95  |i Sm511  |p A1318.11  |t Ej.1